[Event "Russian Rapid Team Championship (w)"]
[Site "Sochi"]
[Date "2022.10.18"]
[Round "5.4"]
[White "Solozhenkina, Elizaveta"]
[Black "Borisova, Ekaterina"]
[Result "0-1"]
[BlackElo "2150"]
[WhiteElo "2195"]
[LiveChessVersion "1.4.8"]

1. Nf3 {[%clk 0:15:18]} Nf6 {[%clk 0:15:19]} 2. g3 {[%clk 0:15:25]} g6
{[%clk 0:15:28]} 3. Bg2 {[%clk 0:15:33]} Bg7 {[%clk 0:15:37]} 4. O-O
{[%clk 0:15:41]} O-O {[%clk 0:15:46]} 5. d4 {[%clk 0:15:50]} d5 {[%clk 0:15:55]}
6. c3 {[%clk 0:15:59]} a5 {[%clk 0:16:03]} 7. a4 {[%clk 0:15:48]} b6
{[%clk 0:16:11]} 8. Ne5 {[%clk 0:15:44]} Bb7 {[%clk 0:16:17]} 9. c4
{[%clk 0:15:43]} Na6 {[%clk 0:15:59]} 10. Nc3 {[%clk 0:15:19]} Nb4
{[%clk 0:16:06]} 11. cxd5 {[%clk 0:13:51]} Nbxd5 {[%clk 0:15:51]} 12. Nb5
{[%clk 0:13:36]} Qc8 {[%clk 0:15:26]} 13. Bd2 {[%clk 0:10:24]} Nb4
{[%clk 0:14:15]} 14. Bxb7 {[%clk 0:09:46]} Qxb7 {[%clk 0:14:24]} 15. Bxb4
{[%clk 0:09:53]} axb4 {[%clk 0:14:32]} 16. Qc2 {[%clk 0:10:02]} c5
{[%clk 0:10:35]} 17. dxc5 {[%clk 0:09:59]} bxc5 {[%clk 0:10:43]} 18. Qxc5
{[%clk 0:07:00]} Ne4 {[%clk 0:10:40]} 19. Qc6 {[%clk 0:06:21]} Qxc6
{[%clk 0:10:21]} 20. Nxc6 {[%clk 0:06:30]} Bxb2 {[%clk 0:10:29]} 21. Rab1
{[%clk 0:04:53]} Bc3 {[%clk 0:09:44]} 22. Nxe7+ {[%clk 0:03:41]} Kg7
{[%clk 0:09:53]} 23. Nxc3 {[%clk 0:03:50]} bxc3 {[%clk 0:09:39]} 24. Rb4
{[%clk 0:03:37]} Nf6 {[%clk 0:07:52]} 25. Rc1 {[%clk 0:02:16]} Rfe8
{[%clk 0:07:57]} 26. Nc6 {[%clk 0:02:22]} Rxe2 {[%clk 0:07:56]} 27. Rxc3
{[%clk 0:02:30]} Nd5 {[%clk 0:07:59]} 28. Rcb3 {[%clk 0:01:39]} Nxb4
{[%clk 0:08:02]} 29. Rxb4 {[%clk 0:01:48]} Rc2 {[%clk 0:06:27]} 30. Nd4
{[%clk 0:01:41]} Ra2 {[%clk 0:06:23]} 31. Rb7 {[%clk 0:01:43]} R8xa4
{[%clk 0:05:56]} 32. Nf3 {[%clk 0:01:36]} Ra7 {[%clk 0:05:47]} 33. Rb4
{[%clk 0:01:39]} Re7 {[%clk 0:05:45]} 34. Rf4 {[%clk 0:01:39]} Ree2
{[%clk 0:05:07]} 35. Nd4 {[%clk 0:01:21]} Re1+ {[%clk 0:05:16]} 36. Kg2
{[%clk 0:01:30]} h5 {[%clk 0:04:46]} 37. h4 {[%clk 0:01:31]} Raa1
{[%clk 0:04:47]} 38. Nc2 {[%clk 0:01:29]} Rg1+ {[%clk 0:04:56]} 39. Kf3
{[%clk 0:01:29]} Ra6 {[%clk 0:04:45]} 40. Ne3 {[%clk 0:01:24]} Rf6
{[%clk 0:04:42]} 41. Nd5 {[%clk 0:01:30]} Rxf4+ {[%clk 0:04:48]} 42. Kxf4
{[%clk 0:01:27]} f6 {[%clk 0:04:50]} 43. Nc3 {[%clk 0:01:17]} Kf7
{[%clk 0:04:54]} 44. Ne4 {[%clk 0:01:16]} Rf1 {[%clk 0:04:51]} 45. Kf3
{[%clk 0:01:06]} Ke6 {[%clk 0:04:54]} 46. Nc5+ {[%clk 0:00:34]} Kf5
{[%clk 0:04:42]} 47. Ne4 {[%clk 0:00:38]} Ra1 {[%clk 0:04:45]} 48. Nd6+
{[%clk 0:00:46]} Ke5 {[%clk 0:04:43]} 49. Nc4+ {[%clk 0:00:54]} Kd4
{[%clk 0:04:47]} 50. Ne3 {[%clk 0:00:49]} Ra2 {[%clk 0:04:21]} 51. Ng2
{[%clk 0:00:48]} Ra3+ {[%clk 0:04:14]} 52. Kf4 {[%clk 0:00:52]} Kd3
{[%clk 0:03:55]} 53. Kf3 {[%clk 0:00:33]} Kd2+ {[%clk 0:03:54]} 54. Ke4
{[%clk 0:00:17]} Ke2 {[%clk 0:03:00]} 55. Nf4+ {[%clk 0:00:25]} Kxf2
{[%clk 0:03:08]} 56. Nxg6 {[%clk 0:00:32]} Kxg3 {[%clk 0:03:07]} 57. Kf5
{[%clk 0:00:29]} Rf3+ {[%clk 0:03:12]} 58. Ke6 {[%clk 0:00:35]} f5
{[%clk 0:03:08]} 59. Kf6 {[%clk 0:00:41]} f4 {[%clk 0:02:39]} 60. Kg5
{[%clk 0:00:46]} Ra3 {[%clk 0:02:44]} 0-1

[Event "Russian Rapid Team Championship (w)"]
[Site "Sochi"]
[Date "2022.10.18"]
[Round "5.5"]
[White "Strutinskaia, Galina"]
[Black "Pogonina, Natalija"]
[Result "1/2-1/2"]
[BlackElo "2466"]
[WhiteElo "1997"]
[LiveChessVersion "1.4.8"]

1. d4 {[%clk 0:15:17]} Nf6 {[%clk 0:15:18]} 2. c4 {[%clk 0:15:21]} e6
{[%clk 0:15:26]} 3. Nc3 {[%clk 0:15:25]} d5 {[%clk 0:15:34]} 4. Bg5
{[%clk 0:15:21]} Be7 {[%clk 0:15:29]} 5. e3 {[%clk 0:14:46]} Nbd7
{[%clk 0:15:27]} 6. Nf3 {[%clk 0:14:22]} O-O {[%clk 0:15:28]} 7. cxd5
{[%clk 0:14:07]} exd5 {[%clk 0:13:26]} 8. Bd3 {[%clk 0:13:57]} Re8
{[%clk 0:13:18]} 9. h3 {[%clk 0:13:23]} c6 {[%clk 0:13:10]} 10. Bf4
{[%clk 0:12:45]} Nf8 {[%clk 0:12:53]} 11. Qc2 {[%clk 0:12:29]} Bd6
{[%clk 0:12:28]} 12. Be5 {[%clk 0:11:31]} Bxe5 {[%clk 0:11:47]} 13. Nxe5
{[%clk 0:11:22]} N6d7 {[%clk 0:11:04]} 14. Nf3 {[%clk 0:10:27]} Nb6
{[%clk 0:10:03]} 15. b3 {[%clk 0:09:48]} Be6 {[%clk 0:09:46]} 16. O-O
{[%clk 0:09:11]} Nc8 {[%clk 0:09:09]} 17. e4 {[%clk 0:08:41]} dxe4
{[%clk 0:08:52]} 18. Nxe4 {[%clk 0:08:26]} h6 {[%clk 0:07:51]} 19. Rfe1
{[%clk 0:08:22]} Nd6 {[%clk 0:07:39]} 20. Rad1 {[%clk 0:08:09]} Bd5
{[%clk 0:07:35]} 21. Ne5 {[%clk 0:07:30]} Nxe4 {[%clk 0:06:25]} 22. Bxe4
{[%clk 0:07:37]} Bxe4 {[%clk 0:06:33]} 23. Rxe4 {[%clk 0:07:43]} Qd5
{[%clk 0:06:28]} 24. Re3 {[%clk 0:05:26]} Rad8 {[%clk 0:06:23]} 25. Nf3
{[%clk 0:05:27]} Re6 {[%clk 0:05:25]} 26. Rde1 {[%clk 0:05:26]} Rde8
{[%clk 0:05:23]} 27. Qc3 {[%clk 0:04:57]} Rxe3 {[%clk 0:04:45]} 28. Rxe3
{[%clk 0:05:02]} Re6 {[%clk 0:04:44]} 29. Re5 {[%clk 0:03:50]} Rxe5
{[%clk 0:04:19]} 30. dxe5 {[%clk 0:03:50]} Ne6 {[%clk 0:04:27]} 31. Qd2
{[%clk 0:03:36]} Qe4 {[%clk 0:03:44]} 32. Kh2 {[%clk 0:03:14]} c5
{[%clk 0:03:38]} 33. Qd7 {[%clk 0:02:53]} Qf4+ {[%clk 0:02:57]} 34. Kg1
{[%clk 0:03:00]} Qc1+ {[%clk 0:02:52]} 35. Kh2 {[%clk 0:03:08]} Qf4+
{[%clk 0:03:00]} 36. Kg1 {[%clk 0:03:16]} Qc1+ {[%clk 0:02:57]} 1/2-1/2

[Event "Russian Rapid Team Championship (w)"]
[Site "Sochi"]
[Date "2022.10.18"]
[Round "5.6"]
[White "Girya, Olga"]
[Black "Bogumil, Tatiana"]
[Result "1-0"]
[BlackElo "2082"]
[WhiteElo "2298"]
[LiveChessVersion "1.4.8"]

1. d4 {[%clk 0:15:17]} Nf6 {[%clk 0:15:18]} 2. Nf3 {[%clk 0:15:26]} c5
{[%clk 0:15:20]} 3. e3 {[%clk 0:15:33]} b6 {[%clk 0:15:12]} 4. Be2
{[%clk 0:15:34]} Bb7 {[%clk 0:15:19]} 5. O-O {[%clk 0:15:41]} g6 {[%clk 0:14:41]}
6. b3 {[%clk 0:15:26]} Bg7 {[%clk 0:14:30]} 7. Bb2 {[%clk 0:15:35]} O-O
{[%clk 0:14:25]} 8. c4 {[%clk 0:15:18]} cxd4 {[%clk 0:14:21]} 9. Nxd4
{[%clk 0:15:26]} d5 {[%clk 0:12:40]} 10. Nd2 {[%clk 0:15:25]} e5 {[%clk 0:11:27]}
11. N4f3 {[%clk 0:15:18]} e4 {[%clk 0:11:20]} 12. Nd4 {[%clk 0:15:23]} dxc4
{[%clk 0:08:57]} 13. Nxc4 {[%clk 0:15:19]} Nc6 {[%clk 0:08:29]} 14. Nxc6
{[%clk 0:12:21]} Bxc6 {[%clk 0:08:20]} 15. Rc1 {[%clk 0:12:30]} Bd5
{[%clk 0:05:38]} 16. a4 {[%clk 0:10:57]} Qd7 {[%clk 0:05:09]} 17. Rc2
{[%clk 0:10:08]} Rfd8 {[%clk 0:04:46]} 18. Rd2 Qe6 {[%clk 0:04:18]} 19. Qa1
{[%clk 0:08:35]} Bxc4 {[%clk 0:03:17]} 20. Bxc4 {[%clk 0:08:35]} Qe7
{[%clk 0:03:19]} 21. Rfd1 {[%clk 0:07:37]} Rxd2 {[%clk 0:03:22]} 22. Rxd2
{[%clk 0:07:46]} Rd8 {[%clk 0:03:23]} 23. Rxd8+ {[%clk 0:06:13]} Qxd8
{[%clk 0:03:31]} 24. h3 {[%clk 0:06:20]} h5 {[%clk 0:02:45]} 25. Bd4
{[%clk 0:05:52]} Ne8 {[%clk 0:01:57]} 26. Bxg7 {[%clk 0:05:36]} Nxg7
{[%clk 0:02:06]} 27. Qe5 {[%clk 0:05:38]} Qe8 {[%clk 0:00:56]} 28. Qc7
{[%clk 0:05:46]} Ne6 {[%clk 0:00:51]} 29. Qxa7 {[%clk 0:05:51]} Qd8
{[%clk 0:00:30]} 30. b4 {[%clk 0:05:07]} Qd1+ {[%clk 0:00:20]} 31. Bf1
{[%clk 0:05:16]} Qd6 {[%clk 0:00:15]} 32. Qa8+ {[%clk 0:05:23]} Kg7
{[%clk 0:00:18]} 33. Qxe4 {[%clk 0:05:30]} f6 {[%clk 0:00:12]} 34. a5
{[%clk 0:05:20]} bxa5 {[%clk 0:00:19]} 35. bxa5 {[%clk 0:05:28]} Nc5
{[%clk 0:00:21]} 36. Qc4 {[%clk 0:05:21]} Nd7 {[%clk 0:00:13]} 37. a6
{[%clk 0:05:22]} Qb6 {[%clk 0:00:11]} 38. Qd4 {[%clk 0:05:19]} Qxd4
{[%clk 0:15:50]} 39. exd4 {[%clk 0:21:27]} 1-0

[Event "Russian Rapid Team Championship (w)"]
[Site "Sochi"]
[Date "2022.10.18"]
[Round "5.7"]
[White "Sirotkina, Nina"]
[Black "Garifullina, Leya"]
[Result "0-1"]
[BlackElo "2273"]
[WhiteElo "2090"]
[LiveChessVersion "1.4.8"]

1. d4 {[%clk 0:15:19]} Nf6 {[%clk 0:15:18]} 2. Bf4 {[%clk 0:15:26]} d5
{[%clk 0:15:26]} 3. e3 {[%clk 0:15:31]} c5 {[%clk 0:15:35]} 4. c3
{[%clk 0:15:29]} Nc6 {[%clk 0:15:42]} 5. Bd3 {[%clk 0:13:22]} e6 {[%clk 0:15:38]}
6. Nf3 {[%clk 0:13:10]} Bd6 {[%clk 0:15:46]} 7. Bg3 {[%clk 0:12:48]} O-O
{[%clk 0:15:53]} 8. Nbd2 {[%clk 0:12:30]} b6 {[%clk 0:15:02]} 9. Ne5
{[%clk 0:12:14]} Bb7 {[%clk 0:15:04]} 10. O-O {[%clk 0:12:01]} Qc7
{[%clk 0:15:04]} 11. f4 {[%clk 0:11:59]} Ne7 {[%clk 0:15:12]} 12. Bh4
{[%clk 0:11:44]} Ne4 {[%clk 0:15:07]} 13. Qe2 {[%clk 0:09:15]} Nf5
{[%clk 0:14:34]} 14. Be1 {[%clk 0:08:55]} Be7 {[%clk 0:14:32]} 15. Ndf3
{[%clk 0:08:47]} f6 {[%clk 0:14:12]} 16. Ng4 {[%clk 0:08:51]} c4 {[%clk 0:14:15]}
17. Bc2 {[%clk 0:08:37]} b5 {[%clk 0:14:12]} 18. a3 {[%clk 0:08:45]} a5
{[%clk 0:14:19]} 19. Nf2 {[%clk 0:08:47]} Nfd6 {[%clk 0:14:22]} 20. Nd2
{[%clk 0:07:37]} Nxd2 {[%clk 0:12:27]} 21. Bxd2 {[%clk 0:07:36]} f5
{[%clk 0:11:33]} 22. Nh3 {[%clk 0:07:15]} Ne4 {[%clk 0:11:30]} 23. Kh1
{[%clk 0:06:53]} Bc6 {[%clk 0:11:11]} 24. Ng1 {[%clk 0:06:46]} Nxd2
{[%clk 0:10:01]} 25. Qxd2 {[%clk 0:06:52]} b4 {[%clk 0:10:08]} 26. axb4
{[%clk 0:05:58]} axb4 {[%clk 0:10:16]} 27. Nf3 {[%clk 0:06:01]} b3
{[%clk 0:09:47]} 28. Rxa8 {[%clk 0:06:04]} Rxa8 {[%clk 0:09:45]} 29. Bb1
{[%clk 0:06:12]} Be8 {[%clk 0:09:37]} 30. Ne5 {[%clk 0:06:12]} Bd6
{[%clk 0:09:39]} 31. Qe2 {[%clk 0:06:09]} Qe7 {[%clk 0:09:30]} 32. g4
{[%clk 0:05:46]} Bxe5 {[%clk 0:09:29]} 33. fxe5 {[%clk 0:05:47]} g6
{[%clk 0:09:20]} 34. Qg2 {[%clk 0:05:14]} Qg5 {[%clk 0:08:55]} 35. gxf5
{[%clk 0:03:42]} Qxg2+ {[%clk 0:09:02]} 36. Kxg2 {[%clk 0:03:50]} gxf5
{[%clk 0:09:11]} 37. Kf2 {[%clk 0:03:17]} Ra7 {[%clk 0:08:39]} 38. Rg1+
{[%clk 0:02:18]} Rg7 {[%clk 0:08:47]} 39. Re1 {[%clk 0:02:20]} Bh5
{[%clk 0:08:40]} 40. Rh1 {[%clk 0:02:20]} Kf7 {[%clk 0:08:32]} 41. h3
{[%clk 0:02:14]} Kg6 {[%clk 0:08:38]} 42. Re1 {[%clk 0:02:09]} Kh6
{[%clk 0:08:46]} 43. Rh1 {[%clk 0:01:51]} Be8 {[%clk 0:08:38]} 44. Rh2
{[%clk 0:01:42]} Kh5 {[%clk 0:08:46]} 45. Rh1 {[%clk 0:01:49]} Kh4
{[%clk 0:08:55]} 46. Rh2 {[%clk 0:01:53]} Bh5 {[%clk 0:09:03]} 47. Rh1
{[%clk 0:01:38]} Rg3 {[%clk 0:09:11]} 48. Rh2 {[%clk 0:01:04]} Rf3+
{[%clk 0:09:19]} 49. Kg1 {[%clk 0:00:47]} Rxe3 {[%clk 0:09:24]} 50. Rf2
{[%clk 0:00:41]} Re1+ {[%clk 0:09:26]} 51. Rf1 {[%clk 0:00:51]} Rxf1+
{[%clk 0:09:34]} 52. Kxf1 {[%clk 0:01:00]} Kxh3 {[%clk 0:09:42]} 53. Kf2
{[%clk 0:01:06]} Kg4 {[%clk 0:09:46]} 54. Kg2 {[%clk 0:01:11]} Kf4
{[%clk 0:09:55]} 55. Kf2 {[%clk 0:01:21]} Bd1 {[%clk 0:10:03]} 56. Ke1
{[%clk 0:01:04]} Bf3 {[%clk 0:10:11]} 57. Kf2 {[%clk 0:01:08]} Be4
{[%clk 0:10:18]} 0-1

[Event "Russian Rapid Team Championship (w)"]
[Site "Sochi"]
[Date "2022.10.18"]
[Round "5.8"]
[White "Kovanova, Baira"]
[Black "Mikhaylova, Irina"]
[Result "1-0"]
[BlackElo "2219"]
[WhiteElo "2231"]
[LiveChessVersion "1.4.8"]

1. e4 {[%clk 0:15:18]} c5 {[%clk 0:15:19]} 2. Nf3 {[%clk 0:15:26]} Nc6
{[%clk 0:15:28]} 3. Bb5 {[%clk 0:15:35]} Na5 {[%clk 0:15:38]} 4. O-O
{[%clk 0:15:08]} a6 {[%clk 0:15:35]} 5. Be2 {[%clk 0:15:11]} d6 {[%clk 0:14:40]}
6. d4 {[%clk 0:14:38]} cxd4 {[%clk 0:14:36]} 7. Nxd4 {[%clk 0:14:45]} Nf6
{[%clk 0:14:32]} 8. Nc3 {[%clk 0:14:18]} e5 {[%clk 0:14:00]} 9. Nb3
{[%clk 0:13:54]} h6 {[%clk 0:13:10]} 10. Be3 {[%clk 0:13:00]} Be7
{[%clk 0:12:27]} 11. Nd5 {[%clk 0:10:51]} Nxd5 {[%clk 0:12:31]} 12. Qxd5
{[%clk 0:10:44]} Nxb3 {[%clk 0:12:14]} 13. axb3 {[%clk 0:10:34]} O-O
{[%clk 0:11:34]} 14. Bc4 {[%clk 0:10:16]} Qc7 {[%clk 0:08:57]} 15. Qd3
{[%clk 0:09:37]} Be6 {[%clk 0:08:54]} 16. Rac1 {[%clk 0:07:36]} Rac8
{[%clk 0:06:38]} 17. Bd5 {[%clk 0:07:19]} Bxd5 {[%clk 0:05:22]} 18. Qxd5
{[%clk 0:07:24]} Qc6 {[%clk 0:05:31]} 19. Qd3 {[%clk 0:07:29]} Bg5
{[%clk 0:05:09]} 20. Bxg5 {[%clk 0:07:19]} hxg5 {[%clk 0:05:18]} 21. c4
{[%clk 0:07:22]} Rfd8 {[%clk 0:04:01]} 22. Rc3 {[%clk 0:07:12]} Qd7
{[%clk 0:03:43]} 23. Qd2 {[%clk 0:06:58]} f6 {[%clk 0:03:48]} 24. Rd1
{[%clk 0:06:31]} Rc6 {[%clk 0:03:07]} 25. c5 {[%clk 0:04:44]} Qe6
{[%clk 0:02:49]} 26. b4 {[%clk 0:04:37]} Kf7 {[%clk 0:02:16]} 27. Rd3
{[%clk 0:04:20]} Ke7 {[%clk 0:02:24]} 28. Qc3 {[%clk 0:03:34]} b6
{[%clk 0:01:36]} 29. Rd5 {[%clk 0:03:12]} bxc5 {[%clk 0:01:13]} 30. bxc5
{[%clk 0:03:11]} Rxc5 {[%clk 0:01:11]} 31. Rxc5 {[%clk 0:02:49]} dxc5
{[%clk 0:01:20]} 32. Qxc5+ {[%clk 0:02:57]} Ke8 {[%clk 0:01:29]} 33. Rxd8+
{[%clk 0:02:47]} Kxd8 {[%clk 0:01:37]} 34. Qf8+ {[%clk 0:02:52]} Kc7
{[%clk 0:01:36]} 35. Qxg7+ {[%clk 0:03:00]} Kb6 {[%clk 0:01:30]} 36. Qf8
{[%clk 0:03:03]} Kb5 {[%clk 0:01:26]} 37. g3 {[%clk 0:02:47]} g4 {[%clk 0:01:33]}
38. Qd8 {[%clk 0:02:32]} Kc4 {[%clk 0:01:29]} 39. Qd2 {[%clk 0:02:31]} Kb3
{[%clk 0:01:22]} 40. Qc3+ {[%clk 0:02:23]} Ka2 {[%clk 0:01:30]} 41. Kg2
{[%clk 0:01:52]} Kb1 {[%clk 0:01:33]} 42. b4 {[%clk 0:01:52]} Qb6
{[%clk 0:01:07]} 43. f3 {[%clk 0:00:50]} gxf3+ {[%clk 0:01:12]} 44. Kxf3
{[%clk 0:00:59]} Qg1 {[%clk 0:01:07]} 45. h4 {[%clk 0:00:59]} Qd1+
{[%clk 0:00:57]} 46. Kf2 {[%clk 0:00:53]} Qg4 {[%clk 0:00:57]} 47. Qf3
{[%clk 0:00:53]} Qh3 {[%clk 0:00:56]} 48. Qg2 {[%clk 0:00:35]} Qg4
{[%clk 0:00:51]} 49. Qf1+ {[%clk 0:00:41]} 1-0

[Event "Russian Rapid Team Championship (w)"]
[Site "Sochi"]
[Date "2022.10.18"]
[Round "5.9"]
[White "Bodnaruk, Anastasia"]
[Black "Fominykh, Maria"]
[Result "1-0"]
[BlackElo "2086"]
[WhiteElo "2278"]
[LiveChessVersion "1.4.8"]

1. e4 {[%clk 0:15:19]} e6 {[%clk 0:15:19]} 2. d4 {[%clk 0:15:26]} d5
{[%clk 0:15:28]} 3. e5 {[%clk 0:15:34]} c5 {[%clk 0:15:38]} 4. c3
{[%clk 0:15:42]} Nc6 {[%clk 0:15:46]} 5. Nf3 {[%clk 0:15:51]} Nge7
{[%clk 0:15:54]} 6. Na3 {[%clk 0:15:25]} cxd4 {[%clk 0:15:54]} 7. cxd4
{[%clk 0:15:34]} Nf5 {[%clk 0:15:55]} 8. Nc2 {[%clk 0:15:42]} Be7
{[%clk 0:15:34]} 9. Bd3 {[%clk 0:15:37]} f6 {[%clk 0:13:39]} 10. exf6
{[%clk 0:12:26]} Bxf6 {[%clk 0:13:47]} 11. O-O {[%clk 0:12:24]} O-O
{[%clk 0:13:31]} 12. Bxf5 {[%clk 0:11:29]} exf5 {[%clk 0:13:40]} 13. Re1
{[%clk 0:11:31]} Re8 {[%clk 0:12:52]} 14. Rxe8+ {[%clk 0:10:56]} Qxe8
{[%clk 0:13:01]} 15. Bf4 {[%clk 0:11:04]} Bd7 {[%clk 0:08:36]} 16. Qd2
{[%clk 0:10:37]} Qd8 {[%clk 0:06:23]} 17. Re1 {[%clk 0:09:27]} Qb6
{[%clk 0:05:39]} 18. Ne3 {[%clk 0:07:45]} Nxd4 {[%clk 0:02:47]} 19. Nxd5
{[%clk 0:07:49]} Nxf3+ {[%clk 0:02:52]} 20. gxf3 {[%clk 0:07:58]} Qc6
{[%clk 0:02:15]} 21. Rc1 {[%clk 0:06:45]} Qa4 {[%clk 0:00:25]} 22. b3
{[%clk 0:06:45]} Qd4 {[%clk 0:00:19]} 23. Nxf6+ {[%clk 0:06:42]} Qxf6
{[%clk 0:00:28]} 24. Qxd7 {[%clk 0:06:50]} Rf8 {[%clk 0:00:18]} 25. Rc8
{[%clk 0:06:15]} Qg6+ {[%clk 0:00:14]} 26. Kh1 {[%clk 0:06:18]} Rxc8 27. Qxc8+
{[%clk 0:06:26]} Kf7 {[%clk 0:00:26]} 28. Qxb7+ {[%clk 0:06:34]} Ke8
{[%clk 0:00:34]} 29. Qa8+ {[%clk 0:06:28]} Kd7 {[%clk 0:00:39]} 30. Qxa7+
{[%clk 0:06:36]} Ke8 {[%clk 0:00:47]} 31. Qb8+ {[%clk 0:06:42]} Kd7
{[%clk 0:00:54]} 32. Qc7+ {[%clk 0:06:47]} Ke8 {[%clk 0:01:03]} 33. Bd6
{[%clk 0:06:35]} Qe6 {[%clk 0:01:09]} 34. Qc6+ {[%clk 0:06:42]} Kf7
{[%clk 0:01:15]} 35. Qc4 {[%clk 0:06:50]} 1-0

[Event "Russian Rapid Team Championship (w)"]
[Site "Sochi"]
[Date "2022.10.18"]
[Round "5.10"]
[White "Khokhlova, Daria"]
[Black "Chernyak, Viktoria"]
[Result "1-0"]
[BlackElo "2152"]
[WhiteElo "2108"]
[LiveChessVersion "1.4.8"]

1. d4 {[%clk 0:15:10]} Nf6 {[%clk 0:15:10]} 2. c4 {[%clk 0:15:10]} e6
{[%clk 0:15:10]} 3. g3 {[%clk 0:15:10]} d5 {[%clk 0:15:10]} 4. Nf3
{[%clk 0:15:10]} dxc4 {[%clk 0:15:19]} 5. Bg2 {[%clk 0:15:18]} a6
{[%clk 0:15:28]} 6. a4 {[%clk 0:14:13]} c5 {[%clk 0:15:10]} 7. O-O
{[%clk 0:14:07]} Nc6 {[%clk 0:15:18]} 8. dxc5 {[%clk 0:14:12]} Qxd1
{[%clk 0:15:16]} 9. Rxd1 {[%clk 0:14:21]} Bxc5 {[%clk 0:15:24]} 10. Nbd2
{[%clk 0:14:29]} Ng4 {[%clk 0:12:00]} 11. e3 {[%clk 0:13:38]} c3 {[%clk 0:10:46]}
12. bxc3 {[%clk 0:13:46]} f5 {[%clk 0:10:07]} 13. Nc4 {[%clk 0:12:49]} Ke7
{[%clk 0:09:42]} 14. Ba3 {[%clk 0:12:08]} Bxa3 {[%clk 0:09:48]} 15. Rxa3
{[%clk 0:12:16]} Bd7 {[%clk 0:09:17]} 16. h3 {[%clk 0:12:03]} Nf6
{[%clk 0:09:25]} 17. Nfe5 {[%clk 0:12:05]} Nxe5 {[%clk 0:08:37]} 18. Nxe5
{[%clk 0:12:14]} Rab8 {[%clk 0:08:31]} 19. Rb1 {[%clk 0:11:53]} b6
{[%clk 0:07:13]} 20. Rab3 {[%clk 0:11:07]} Bxa4 {[%clk 0:04:14]} 21. Rxb6
{[%clk 0:11:15]} Rxb6 {[%clk 0:03:28]} 22. Rxb6 {[%clk 0:11:24]} Rc8
{[%clk 0:01:50]} 23. Rxa6 {[%clk 0:11:27]} Bb5 {[%clk 0:01:38]} 24. Rb6
{[%clk 0:09:48]} Be2 {[%clk 0:01:29]} 25. Rb7+ {[%clk 0:08:47]} Kd6
{[%clk 0:01:33]} 26. Nf7+ {[%clk 0:08:49]} Kc5 {[%clk 0:01:41]} 27. Ng5
{[%clk 0:08:57]} e5 {[%clk 0:01:13]} 28. Rxg7 {[%clk 0:09:02]} Kd6
{[%clk 0:01:11]} 29. Nxh7 {[%clk 0:08:58]} Nd5 {[%clk 0:01:10]} 30. Bxd5
{[%clk 0:07:07]} Kxd5 {[%clk 0:01:19]} 31. Rd7+ {[%clk 0:06:36]} Ke6
{[%clk 0:01:20]} 32. Rd2 {[%clk 0:06:26]} Bh5 {[%clk 0:01:28]} 33. Rc2
{[%clk 0:05:49]} f4 {[%clk 0:01:12]} 34. exf4 {[%clk 0:05:43]} exf4
{[%clk 0:01:15]} 35. gxf4 {[%clk 0:04:52]} Kf5 {[%clk 0:01:10]} 36. h4
{[%clk 0:04:52]} Kxf4 {[%clk 0:01:18]} 37. Rd2 {[%clk 0:03:50]} Rxc3
{[%clk 0:01:22]} 38. Rd4+ {[%clk 0:03:44]} Ke5 {[%clk 0:01:28]} 39. Rb4
{[%clk 0:03:45]} Bf3 {[%clk 0:01:10]} 40. Ng5 {[%clk 0:03:38]} Bc6
{[%clk 0:01:14]} 41. Kh2 {[%clk 0:03:20]} Kf5 {[%clk 0:01:20]} 42. Rd4
{[%clk 0:02:47]} Ra3 {[%clk 0:01:11]} 43. Rc4 {[%clk 0:02:51]} Bd5
{[%clk 0:01:19]} 44. Rb4 {[%clk 0:02:42]} Bc6 {[%clk 0:01:25]} 45. Nh3
{[%clk 0:02:35]} Rf3 {[%clk 0:01:20]} 46. h5 {[%clk 0:02:25]} Bd7
{[%clk 0:00:55]} 47. Rh4 {[%clk 0:02:15]} Ra3 {[%clk 0:00:21]} 48. f3
{[%clk 0:01:55]} Kf6 {[%clk 0:00:20]} 49. h6 {[%clk 0:02:00]} Bf5
{[%clk 0:00:29]} 50. Kg3 {[%clk 0:02:00]} Bh7 {[%clk 0:00:33]} 51. Rg4
{[%clk 0:02:01]} Ra7 52. Nf4 {[%clk 0:01:58]} Rf7 {[%clk 0:00:28]} 53. Nh5+
{[%clk 0:01:53]} Ke6 {[%clk 0:00:30]} 54. f4 {[%clk 0:01:58]} Rd7
{[%clk 0:00:26]} 55. Kh4 {[%clk 0:01:45]} Rf7 {[%clk 0:00:30]} 56. Rg5
{[%clk 0:01:38]} Rd7 {[%clk 0:00:35]} 57. Re5+ {[%clk 0:01:46]} Kf7
{[%clk 0:00:44]} 58. Ra5 {[%clk 0:01:37]} Rb7 {[%clk 0:00:49]} 59. Kg5
{[%clk 0:01:39]} Bd3 {[%clk 0:00:56]} 60. f5 {[%clk 0:01:43]} Rb8
{[%clk 0:00:15]} 61. Ra7+ {[%clk 0:01:51]} Kg8 {[%clk 0:00:24]} 62. Nf6+
{[%clk 0:01:55]} Kf8 {[%clk 0:00:34]} 63. h7 {[%clk 0:02:03]} 1-0